[Event "German Bundesliga 2021-22"]
[Site "Germany"]
[Date "2022.04.30"]
[Round "5.6"]
[White "Stark, Lars"]
[Black "Grigorian, Spartak"]
[Result "1/2-1/2"]
[WhiteElo "2386"]
[BlackElo "2477"]
[Annotator "TA"]
[PlyCount "49"]
[EventDate "2022.03.05"]
[EventType "team-tourn"]
[EventCountry "GER"]
[SourceTitle "playchess.com"]
[Source "ChessBase"]
[SourceQuality "1"]
[TimeControl "40/5400+30:1800+30"]

{[%evp 14,49,16,0,0,0,9,0,30,39,43,-21,-10,0,0,-33,49,50,43,53,49,62,62,71,108,57,54,54,54,46,62,58,82,29,16,0,137,114]} 1. c4 {[%emt 0:00:00] Marin,M} Nf6 {[%emt 0:00:00]} 2. g3 {[%emt 0:00:00]} c5 {[%emt 0:00:00]} 3. Bg2 {[%emt 0:00:00]} d5 {[%emt 0:00:00]} 4. cxd5 {[%emt 0:00:00]} Nxd5 {[%emt 0:00:00]} 5. Nc3 {[%emt 0:00:00]} Nc7 {[%emt 0:00:00]} 6. Nf3 {[%emt 0:00:00]} Nc6 {[%emt 0:00:00]} 7. O-O {[%emt 0:00:00]} e5 {[%emt 0:00:00]} 8. a3 {[%emt 0:00:00][%cal Ob2b4]} Rb8 {[%emt 0:00:00] A34: Symmetrical English: 2 Nc3, lines with ...d5.} 9. Rb1 {[%emt 0:00:00][%cal Ob2b4]} Be7 {[%emt 0:03:04]} 10. d3 {[%emt 0:04:32][%cal Ob2b4]} b5 {[%emt 0:09:01] The position is equal.} 11. Be3 {[%emt 0:02:19]} O-O {[%emt 0:08:59]} 12. b4 {[%emt 0:07:58]} (12. Rc1 $14) 12... cxb4 $11 {[%emt 0:02:30]} 13. axb4 {[%emt 0:00:39]} Bb7 {[%emt 0:01:10]} 14. Qd2 {[%emt 0:08:14] [#]} f5 $146 {[%emt 0:14:59] [#]} (14... Re8 $15) ({Predecessor:} 14... Re8 15. Ne4 Na6 16. Rfc1 Ba8 17. Nc5 Nxc5 18. Bxc5 e4 19. dxe4 Bxc5 20. Rxc5 Rxe4 {½-½ (38) Svidler,P (2753)-Karjakin,S (2771) Stavanger 2014 CBM 161 [Marin,M]}) 15. Bxa7 $1 $14 {[%emt 0:13:04]} Nxa7 {[%emt 0:10:36]} 16. Qa2+ {[%emt 0:00:12]} Kh8 $1 {[%emt 0:00:48] And now ...Nc6 would win.} 17. Qxa7 {[%emt 0:00:10]} Bf6 {[%emt 0:13:15]} 18. Rfd1 {[%emt 0:14:36]} Qe8 {[%emt 0:06:34]} 19. Rbc1 {[%emt 0:11:58]} ({Better is} 19. e4 $16) 19... Na6 {[%emt 0:15:52]} 20. e4 {[%emt 0:01:47]} Nxb4 {[%emt 0:03:15]} 21. exf5 {[%emt 0:07:56]} Qh5 {[%emt 0:00:42]} 22. Ne4 {[%emt 0:03:04]} Ba8 {[%emt 0:09:04]} 23. Qa3 {[%emt 0:23:52] 0x0.001b80352ddadp-1022s more active pieces.} (23. Qc5 $16 Nd5 24. Nxf6 gxf6 25. Nxe5 $1) 23... Nd5 $11 {[%emt 0:01:11]} 24. d4 {[%emt 0:00:36]} ({But not} 24. Nxf6 gxf6 25. Qc5 {[#]} Nf4 $1 26. gxf4 Bxf3 27. Bxf3 Qxf3 28. fxe5 Rg8+ 29. Kf1 Rg2 $17) 24... exd4 {[%emt 0:00:37]} (24... b4 $11 {remains equal.} 25. Qd3 Qxf5) 25. Nxf6 {[%emt 0:00:37] Weighted Error Value: White=0.16 (very precise) /Black=0.28 (precise)} 1/2-1/2

[Event "German Bundesliga 2021-22"]
[Site "Germany"]
[Date "2022.04.30"]
[Round "5.6"]
[White "Schneider, Stefan"]
[Black "Schmittdiel, Eckhard"]
[Result "1/2-1/2"]
[WhiteElo "2366"]
[BlackElo "2402"]
[Annotator "TA"]
[PlyCount "55"]
[EventDate "2022.03.05"]
[EventType "team-tourn"]
[EventCountry "GER"]
[SourceTitle "playchess.com"]
[Source "ChessBase"]
[SourceQuality "1"]
[TimeControl "40/5400+30:1800+30"]

{[%evp 17,55,25,39,27,49,50,48,49,44,52,37,36,42,5,37,39,37,10,39,36,36,36,37,41,45,10,50,52,23,26,29,16,27,0,11,0,0,0,0,0]} 1. d4 {[%emt 0:00:00]} Nf6 {[%emt 0:00:00]} 2. c4 {[%emt 0:00:00]} e6 {[%emt 0:00:00]} 3. Nf3 {[%emt 0:00:00]} b6 {[%emt 0:00:00]} 4. g3 {[%emt 0:00:00]} Bb7 {[%emt 0:00:00]} 5. Bg2 {[%emt 0:00:00]} Bb4+ {[%emt 0:00:00]} 6. Bd2 {[%emt 0:00:00]} Bxd2+ {[%emt 0:00:00]} 7. Qxd2 {[%emt 0:02:02]} d6 {[%emt 0:00:00]} 8. O-O {[%emt 0:02:50]} O-O {[%emt 0:00:00]} 9. Nc3 {[%emt 0:03:45] 9.Qf4 is more advanced technology.} Nbd7 {[%emt 0:00:00]} 10. d5 {[%emt 0:22:25] has lost popularity (10.Qc2). E16: Queen's Indian: 4 g3 Bb7 5 Bg2 Bb4+.} e5 {[%emt 0:07:04]} 11. Qc2 {[%emt 0:16:38]} Qe7 {[%emt 0:06:39]} 12. e4 {[%emt 0:06:48] White is slightly better.} c6 {[%emt 0:01:04] [#]} 13. Nh4 $146 {[%emt 0:05:28] Threatens to win with dxc6.} ({Predecessor:} 13. dxc6 Bxc6 14. b4 Rac8 15. Qd3 Rfd8 16. Nd2 Nf8 17. Rfc1 Rc7 18. Nd5 Bxd5 19. cxd5 Rdc8 {½-½ (31) Lou,Y (2443)-Liu,Y (2413) Zaozhuang 2015}) 13... g6 {[%emt 0:00:56]} 14. dxc6 {[%emt 0:02:03]} Bxc6 {[%emt 0:00:21]} 15. b4 {[%emt 0:00:16]} Rac8 {[%emt 0:01:17]} 16. Qd3 {[%emt 0:04:43]} Rfd8 {[%emt 0:00:34]} 17. Bh3 {[%emt 0:06:39]} Rc7 {[%emt 0:00:21]} 18. Rfc1 {[%emt 0:04:56]} Nf8 {[%emt 0:13:54]} 19. Nd5 {[%emt 0:04:10]} Nxd5 {[%emt 0:08:56]} 20. cxd5 {[%emt 0:00:04]} Be8 {[%emt 0:01:04]} 21. Qe3 {[%emt 0:05:45]} Rb8 {[%emt 0:00:59]} 22. Rxc7 {[%emt 0:04:39]} Qxc7 {[%emt 0:00:16]} 23. Rc1 {[%emt 0:00:03]} Qd8 {[%emt 0:01:28]} 24. a3 {[%emt 0:03:36]} a5 {[%emt 0:00:34]} 25. Qd2 {[%emt 0:01:13]} axb4 {[%emt 0:00:37] The position is equal.} 26. axb4 {[%emt 0:03:42]} Ra8 {[%emt 0:00:09]} 27. Ng2 {[%emt 0:00:54]} Nd7 {[%emt 0:01:23]} 28. Ne3 {[%emt 0:01:00] Weighted Error Value: White=0.09 (flawless) /Black=0.08 (flawless)} 1/2-1/2

[Event "German Bundesliga 2021-22"]
[Site "Germany"]
[Date "2022.04.30"]
[Round "5.7"]
[White "Markgraf, Alexander"]
[Black "Heinz, Timothee"]
[Result "1-0"]
[WhiteElo "2482"]
[BlackElo "2374"]
[Annotator "TA"]
[PlyCount "101"]
[EventDate "2022.03.05"]
[EventType "team-tourn"]
[EventCountry "GER"]
[SourceTitle "playchess.com"]
[Source "ChessBase"]
[SourceQuality "1"]
[TimeControl "40/5400+30:1800+30"]

{[%evp 24,101,31,28,22,26,38,18,20,0,27,19,34,12,12,14,27,10,27,18,19,19,26,0,28,14,80,80,80,80,127,127,122,116,111,99,130,129,110,0,0,0,72,73,251,236,188,0,188,188,175,129,186,193,159,175,327,327,327,327,327,327,356,370,667,654,691,704,704,704,695,644,646,657,475,609,1067,1057,29994,29995]} 1. e4 {[%emt 0:00:00][%cal Be2e4,Be4e5][%mdl 32]} e6 {[%emt 0:00:00]} 2. d4 {[%emt 0:00:00]} d5 {[%emt 0:00:00]} 3. Nc3 {[%emt 0:00:00]} Nf6 {[%emt 0:00:00]} 4. e5 {[%emt 0:00:00]} Nfd7 {[%emt 0:00:00]} 5. f4 {[%emt 0:00:00]} c5 {[%emt 0:00:00]} 6. Nf3 {[%emt 0:00:00]} Nc6 {[%emt 0:00:00]} 7. Be3 {[%emt 0:00:00]} cxd4 {[%emt 0:00:00]} 8. Nxd4 {[%emt 0:00:00]} Bc5 {[%emt 0:00:00]} 9. Qd2 {[%emt 0:00:00]} Bxd4 {[%emt 0:00:00]} 10. Bxd4 {[%emt 0:00:00]} Nxd4 {[%emt 0:00:00]} 11. Qxd4 {[%emt 0:00:00]} Qb6 {[%emt 0:00:00]} 12. Qxb6 {[%emt 0:00:00]} Nxb6 {[%emt 0:00:00]} 13. O-O-O {[%emt 0:00:00]} Bd7 {[%emt 0:00:00] C11: French: Classical System: 4 e5 and 4 Bg5 dxe4.} 14. Bd3 {[%emt 0:00:00]} h5 {[%emt 0:00:00]} 15. h4 {[%emt 0:06:36]} g6 {[%emt 0:01:35] The position is equal.} 16. Ne2 {[%emt 0:07:31] [#]} Nc8 $146 {[%emt 0:02:36]} ({Predecessor:} 16... Ke7 17. Nd4 Rac8 {½-½ (17) Stupak,K (2503)-Lintchevski,D (2575) Krakow 2012}) 17. Nd4 {[%emt 0:24:28]} Ne7 {[%emt 0:03:53]} 18. b3 {[%emt 0:22:49]} a6 {[%emt 0:02:36]} 19. Kb2 {[%emt 0:00:36]} Nc6 {[%emt 0:00:35]} 20. Nf3 {[%emt 0:00:53]} Ke7 {[%emt 0:01:03]} 21. c3 {[%emt 0:03:43]} Rhc8 {[%emt 0:15:34]} 22. Rd2 {[%emt 0:03:28]} Rc7 {[%emt 0:02:57]} 23. a3 {[%emt 0:02:11]} a5 {[%emt 0:14:58]} 24. Rc1 {[%emt 0:02:40][%cal Bh1c1,Bc1c4,Bc4d4][%mdl 32]} b6 {[%emt 0:01:27]} (24... Na7 $11 {keeps the balance.}) 25. c4 $1 $16 {[%emt 0:06:15]} dxc4 {[%emt 0:11:52]} 26. Rxc4 {[%emt 0:00:11] Nd4 is the strong threat.} Rcc8 {[%emt 0:01:15]} (26... Rac8 $142) 27. Be4 {[%emt 0:01:27]} Rab8 {[%emt 0:00:29]} 28. Ng5 {[%emt 0:07:39][%cal Og5f7,Bf3g5,Bg5h7,Bh7f6,Bf6g8][%mdl 32]} Nd8 {[%emt 0:06:26]} 29. Rcd4 {[%emt 0:00:28] 0x0.001aea294d68dp-1022s more active pieces. The black rooks are badly placed.} Rc7 {[%emt 0:02:30]} 30. Nh7 {[%emt 0:04:00] aiming for Nf6.} Nb7 {[%emt 0:12:22]} 31. b4 {[%emt 0:02:57] Inhibits Nc5.} (31. Bxb7 $16 Rcxb7 32. Nf6) 31... axb4 $11 {[%emt 0:02:00]} 32. axb4 {[%emt 0:00:06][%cal Od4d6] Strongly threatening Rd6! Chess con chili.} Bb5 {[%emt 0:03:04]} (32... Nc5 $1 $11) 33. Nf6 $16 {[%emt 0:00:34][%cal Od4d6] And now Rd6! would win.} Nd8 $2 {[%emt 0:03:58]} (33... Rd8 $16) 34. Ng8+ $18 {[%emt 0:00:39]} Ke8 {[%emt 0:00:01]} 35. Nf6+ {[%emt 0:00:12]} Ke7 {[%emt 0:00:03]} 36. Bd3 {[%emt 0:05:49]} Bc6 {[%emt 0:11:59]} 37. Bf1 {[%emt 0:02:09]} (37. Rd6 $18) 37... Ra7 {[%emt 0:01:07] [#]} (37... b5 $16 {was necessary.}) 38. b5 $1 {[%emt 0:00:18]} Bd5 {[%emt 0:00:28] [#]} 39. Bc4 $1 $36 {[%emt 0:01:05][%mdl 2048] White is in control.} ({Don't take} 39. Nxd5+ $6 exd5 40. Rxd5 Ne6 $14) 39... Bxc4 $2 {[%emt 0:03:18]} (39... Ra5 {was worth a try.} 40. Kc3 (40. Nxd5+ exd5 41. Rxd5 Rc8 $16) 40... Ra3+ 41. Kb2 Ra5 42. Bxd5 (42. Nxd5+ exd5 43. Rxd5 Rc8 $16) 42... exd5) 40. Rxc4 {[%emt 0:00:13]} Rba8 {[%emt 0:00:05]} 41. Kc2 {[%emt 0:08:07]} Ra2+ {[%emt 0:02:06]} 42. Kd1 {[%emt 0:00:12]} Rxd2+ {[%emt 0:00:35]} 43. Kxd2 {[%emt 0:00:05][%mdl 4096] Endgame KRN-KRN} Ra7 $2 {[%emt 0:00:12]} (43... Kf8 44. Rc7 (44. Nd7+ Kg7 $18) 44... Ra2+ 45. Kc3 Kg7) 44. Rc8 {[%emt 0:05:00]} Rb7 {[%emt 0:00:43]} 45. Kc3 {[%emt 0:00:35]} Ra7 {[%emt 0:00:26]} 46. Kb4 {[%emt 0:00:43]} Rb7 {[%emt 0:01:32]} 47. Rc2 {[%emt 0:00:49]} Ra7 {[%emt 0:00:53]} 48. Rd2 {[%emt 0:01:28]} Rc7 {[%emt 0:01:59]} 49. Rd6 {[%emt 0:01:00]} Nb7 {[%emt 0:00:33]} 50. Rxb6 {[%emt 0:00:48]} Nc5 {[%emt 0:00:04]} 51. Rb8 {[%emt 0:00:42] Weighted Error Value: White=0.13 (very precise) /Black=0.57} 1-0

[Event "German Bundesliga 2021-22"]
[Site "Germany"]
[Date "2022.04.30"]
[Round "5.7"]
[White "Jakubowski, Krzysztof"]
[Black "Doettling, Fabian"]
[Result "1/2-1/2"]
[WhiteElo "2475"]
[BlackElo "2587"]
[Annotator "TA"]
[PlyCount "40"]
[EventDate "2022.03.05"]
[EventType "team-tourn"]
[EventCountry "GER"]
[SourceTitle "playchess.com"]
[Source "ChessBase"]
[SourceQuality "1"]
[TimeControl "40/5400+30:1800+30"]

{[%evp 9,40,0,15,13,33,33,28,21,22,0,0,0,0,8,9,0,4,0,0,0,0,0,0,0,-4,-4,-4,0,0,0,0,-9,0]} 1. e4 {[%emt 0:00:00]} c6 {[%emt 0:00:00]} 2. Nf3 {[%emt 0:00:00][%cal Bg1f3,Bf3d2,Bd2b3,Bb3c1,Bc1d3][%mdl 32]} d5 {[%emt 0:00:00]} 3. d3 {[%emt 0:00:00]} dxe4 {[%emt 0:00:00]} 4. dxe4 {[%emt 0:00:00]} Qxd1+ {[%emt 0:00:00]} 5. Kxd1 {[%emt 0:00:00]} Nf6 {[%emt 0:00:00]} 6. Nfd2 {[%emt 0:00:00] B10: Caro-Kann: 2 d3 and 2 c4.} g6 {[%emt 0:00:00]} 7. f3 {[%emt 0:00:00]} Bh6 {[%emt 0:01:00]} 8. a4 {[%emt 0:18:30] White has an edge.} Be6 {[%emt 0:12:30] [#] The position is equal.} 9. Nb3 $146 {[%emt 0:16:30]} ({Predecessor:} 9. c3 Nbd7 10. Kc2 Ne5 11. Na3 O-O-O 12. Ndc4 Bxc1 13. Rxc1 Nfd7 14. Rd1 g5 15. Be2 {0-1 (61) Pichot,A (2630)-Svane,R (2613) Chess.com INT 2020}) 9... Bxc1 {[%emt 0:01:30]} 10. Nxc1 {[%emt 0:00:30]} Nbd7 {[%emt 0:27:30]} 11. Nd2 {[%emt 0:02:30]} O-O-O {[%emt 0:09:30]} 12. Nd3 {[%emt 0:00:30] Against Ne5} g5 {[%emt 0:04:30]} 13. Ke2 {[%emt 0:08:30]} h6 {[%emt 0:08:30]} 14. Ke3 $1 {[%emt 0:14:30]} Ne8 {[%emt 0:01:30][%cal Bf6e8,Be8d6,Bd6f7,Bf7e5][%mdl 32]} 15. h4 {[%emt 0:05:30] And now hxg5 would win.} Nd6 {[%emt 0:01:30]} 16. b3 {[%emt 0:01:30]} f5 {[%emt 0:03:30]} 17. g3 {[%emt 0:00:30]} fxe4 {[%emt 0:06:30]} 18. fxe4 {[%emt 0:00:30]} Nf7 {[%emt 0:09:16]} 19. hxg5 {[%emt 0:11:42]} hxg5 {[%emt 0:00:08]} 20. Bg2 {[%emt 0:00:18]} Nfe5 {[%emt 0:01:57] Weighted Error Value: White=0.02 (flawless) /Black=0.02 (flawless)} 1/2-1/2

[Event "German Bundesliga 2021-22"]
[Site "Germany"]
[Date "2022.04.30"]
[Round "5.7"]
[White "Olsen, Filip Boe"]
[Black "Andersen, Mads"]
[Result "0-1"]
[WhiteElo "2402"]
[BlackElo "2570"]
[Annotator "TA"]
[PlyCount "96"]
[EventDate "2022.03.05"]
[EventType "team-tourn"]
[EventCountry "GER"]
[SourceTitle "playchess.com"]
[Source "ChessBase"]
[SourceQuality "1"]
[TimeControl "40/5400+30:1800+30"]

{[%evp 15,96,34,34,33,39,35,29,26,38,28,28,14,25,0,0,0,13,0,9,0,0,-29,-20,-27,-26,-26,-17,-13,0,-2,0,0,0,0,6,0,0,-27,-28,-142,-142,-172,-185,-172,-156,-197,-99,-172,-172,-161,-168,-168,-169,-169,-169,-287,-144,-220,-61,-61,-61,-61,-61,-391,-383,-785,-775,-29946,-29950,-29948,-29953,-29961,-29958,-1546,-1546,-1531,-1430,-29962,-29963,-29975,-29977,-29975,-29977]} 1. d4 {[%emt 0:00:00]} d5 {[%emt 0:00:00]} 2. c4 {[%emt 0:00:00]} dxc4 {[%emt 0:00:00]} 3. Nf3 {[%emt 0:00:00]} Nf6 {[%emt 0:00:00]} 4. e3 {[%emt 0:00:00]} e6 {[%emt 0:00:00]} 5. Bxc4 {[%emt 0:00:00]} c5 {[%emt 0:00:00]} 6. O-O {[%emt 0:00:00]} a6 {[%emt 0:00:00]} 7. dxc5 {[%emt 0:00:00]} Bxc5 {[%emt 0:00:00]} 8. Qxd8+ {[%emt 0:00:00]} Kxd8 {[%emt 0:00:00]} 9. Be2 {[%emt 0:00:00] D27: Queen's Gambit Accepted: Classical main line: 7 e4!? and 7 a4.} Ke7 {[%emt 0:00:00]} 10. Nc3 {[%emt 0:00:00]} b5 {[%emt 0:00:00] Against Na4} 11. Nd2 {[%emt 0:00:00] White has an edge.} Bb7 {[%emt 0:00:00]} 12. Nb3 {[%emt 0:00:00]} Nbd7 {[%emt 0:00:00]} 13. Na5 {[%emt 0:00:00]} Rab8 {[%emt 0:00:00]} 14. Nxb7 {[%emt 0:00:00]} Rxb7 {[%emt 0:00:00]} 15. Bd2 {[%emt 0:00:00]} Rc7 {[%emt 0:00:00]} 16. Rfd1 {[%emt 0:05:09]} Rhc8 {[%emt 0:17:00] [#]} 17. Kf1 $146 {[%emt 0:14:03]} ({Predecessor:} 17. Be1 Bd6 18. Bxb5 axb5 19. Nxb5 Rc6 20. Na7 Be5 21. Nxc8+ Rxc8 22. Rab1 Ra8 23. a3 {½-½ (46) Carlsen,M (2862)-So,W (2770) chess24.com INT 2020}) 17... Bd6 {[%emt 0:11:10]} 18. h3 {[%emt 0:17:53]} Nc5 {[%emt 0:09:13] Strongly threatening ...b4.} 19. Rac1 {[%emt 0:07:32][%cal Oe2b5]} b4 {[%emt 0:16:43]} 20. Nb1 {[%emt 0:00:43]} a5 {[%emt 0:00:07]} 21. a3 {[%emt 0:13:11]} Nb3 {[%emt 0:09:56]} 22. Rxc7+ {[%emt 0:00:19]} Rxc7 {[%emt 0:00:07]} 23. axb4 {[%emt 0:01:31]} axb4 {[%emt 0:01:33]} 24. Be1 {[%emt 0:01:56]} Ne4 {[%emt 0:10:22]} 25. Bd3 {[%emt 0:02:08]} f5 {[%emt 0:00:15]} 26. f3 {[%emt 0:09:49]} Ng3+ {[%emt 0:03:09]} 27. Kf2 {[%emt 0:01:35]} (27. Kg1 $11) 27... Nc1 $1 $17 {[%emt 0:02:17] Pair of Knights!} 28. Bb5 {[%emt 0:03:05][%cal Od1d6]} Rc2+ {[%emt 0:01:16]} 29. Rd2 {[%emt 0:00:45]} b3 {[%emt 0:00:56]} 30. Kg1 {[%emt 0:16:48] [#]} f4 {[%emt 0:15:45] Active counter play!} (30... Na2 $1 $19 31. Rxd6 Kxd6) 31. exf4 {[%emt 0:03:20]} (31. Bxg3 $17 {was worth a try.} fxg3 32. Ba4) 31... Nce2+ $19 {[%emt 0:00:41]} 32. Bxe2 {[%emt 0:01:15]} Nxe2+ {[%emt 0:02:53]} 33. Kf1 {[%emt 0:00:45]} Nxf4 {[%emt 0:00:13] Threatens to win with ...Bb4.} 34. Nc3 {[%emt 0:02:04]} Be5 {[%emt 0:01:02]} 35. Na4 {[%emt 0:02:00]} ({Don't play} 35. Bh4+ Kf7 36. Rd7+ Kg6 $19) (35. Rxc2 $142 bxc2 36. Na2) 35... g5 {[%emt 0:02:21]} (35... Nd5 $19 {...Rc4 is the strong threat.} 36. Bh4+ Kd6) 36. h4 {[%emt 0:01:15]} (36. g3 $17 Nd5 37. Rxc2 bxc2 38. Bd2) 36... h6 $2 {[%emt 0:00:36]} (36... Nd5 $19 {Hoping for ...Ne3+.} 37. hxg5 Rc4) 37. hxg5 $15 {[%emt 0:00:07]} hxg5 {[%emt 0:00:05] And now ...Nd5 would win.} 38. g3 {[%emt 0:00:57]} Nd5 {[%emt 0:00:35] White must now prevent ...Rc4.} 39. Ke2 $2 {[%emt 0:00:37][%mdl 8192] Now White is beyond hope.} (39. Rxc2 $1 $15 bxc2 40. Bd2) 39... Rc4 $19 {[%emt 0:00:19]} 40. Nc3 $2 {[%emt 0:01:11]} (40. Rd3) 40... Nxc3+ {[%emt 0:00:42]} 41. bxc3 {[%emt 0:00:00]} Bxc3 {[%emt 0:00:00]} 42. Rd1 {[%emt 0:00:00]} Bxe1 {[%emt 0:00:00]} 43. Rxe1 {[%emt 0:00:00] KR-KR} b2 {[%emt 0:00:00]} 44. Kd2 {[%emt 0:00:00]} Kd6 {[%emt 0:00:00]} 45. Rb1 {[%emt 0:00:00]} Rb4 {[%emt 0:00:00] ( -> ...Kd5)} 46. Kc3 {[%emt 0:00:00] [#]} Kc5 $1 {[%emt 0:00:00] Black mates.} 47. f4 {[%emt 0:00:00]} gxf4 {[%emt 0:00:00]} 48. gxf4 {[%emt 0:00:00]} Rxf4 {[%emt 0:00:00] Weighted Error Value: White=0.66/Black=0.17 (very precise)} 0-1

[Event "German Bundesliga 2021-22"]
[Site "Germany"]
[Date "2022.04.30"]
[Round "5.7"]
[White "Costa, Leonardo"]
[Black "Lindgren, Philip"]
[Result "1/2-1/2"]
[WhiteElo "2324"]
[BlackElo "2361"]
[Annotator "TA"]
[PlyCount "114"]
[EventDate "2022.03.05"]
[EventType "team-tourn"]
[EventCountry "GER"]
[SourceTitle "playchess.com"]
[Source "ChessBase"]
[SourceQuality "1"]
[TimeControl "40/5400+30:1800+30"]

{[%evp 10,114,14,20,19,24,42,16,26,26,32,0,5,0,0,-5,0,0,0,0,0,0,0,-25,0,0,0,-14,0,-13,0,0,0,-10,0,0,0,-10,20,-22,0,0,11,5,1,0,12,14,15,32,32,0,0,10,61,70,56,23,80,52,65,0,0,0,0,0,0,0,4,0,0,0,0,0,0,0,0,0,0,0,0,0,0,0,0,0,0,0,0,0,0,0,0,0,0,0,0,0,0,0,0,0,0,0,0,0,0]} 1. e4 {[%emt 0:00:00]} c6 {[%emt 0:00:00]} 2. d4 {[%emt 0:00:00]} d5 {[%emt 0:00:00]} 3. e5 {[%emt 0:00:00]} Bf5 {[%emt 0:00:00]} 4. Nd2 {[%emt 0:00:00]} e6 {[%emt 0:00:00]} 5. Nb3 {[%emt 0:00:00]} Nd7 {[%emt 0:00:00]} 6. Nf3 {[%emt 0:00:00]} Bg6 {[%emt 0:00:00] B12: Caro-Kann: Advance Variation.} 7. Be2 {[%emt 0:00:00]} Nh6 {[%emt 0:00:00]} 8. O-O {[%emt 0:00:00]} Nf5 {[%emt 0:00:00]} 9. Bd2 {[%emt 0:03:17]} Be7 {[%emt 0:02:41]} 10. a4 {[%emt 0:02:47]} O-O {[%emt 0:03:24]} 11. a5 {[%emt 0:11:35]} c5 {[%emt 0:12:27]} 12. Nxc5 {[%emt 0:04:43]} Nxc5 {[%emt 0:05:19]} 13. dxc5 {[%emt 0:00:05]} Bxc5 {[%emt 0:01:13]} 14. b4 {[%emt 0:04:56]} Be7 {[%emt 0:01:17] [#]} 15. Rc1 $146 {[%emt 0:10:19]} ({Predecessor:} 15. c4 dxc4 16. Bxc4 Nd4 17. Nxd4 Qxd4 18. Qe2 Rfd8 19. Rfd1 Bc2 20. Rdc1 Qxd2 21. Rxc2 Qxb4 {½-½ (37) Warszawski,B (2165)-Konieczynski,P (1884) Jastrzebia Gora 2018}) 15... Rc8 {[%emt 0:06:09]} 16. Bd3 {[%emt 0:04:05]} Nh4 {[%emt 0:26:00]} 17. Nd4 {[%emt 0:06:44]} Qd7 {[%emt 0:04:11]} 18. Qg4 {[%emt 0:08:52]} Rfd8 {[%emt 0:03:23]} 19. Rfe1 {[%emt 0:13:47]} a6 {[%emt 0:03:17]} 20. g3 {[%emt 0:04:01]} Nf5 {[%emt 0:04:22]} 21. Nf3 {[%emt 0:00:04]} Rc7 {[%emt 0:03:01]} 22. Rb1 {[%emt 0:04:15]} Rdc8 {[%emt 0:01:30]} 23. Rb2 {[%emt 0:00:07]} Bf8 {[%emt 0:06:29]} 24. Reb1 {[%emt 0:01:06]} Ne7 {[%emt 0:04:35]} 25. b5 {[%emt 0:05:00]} Bf5 {[%emt 0:06:58]} 26. Qa4 {[%emt 0:04:01]} h6 {[%emt 0:04:28]} 27. Qb3 {[%emt 0:02:40]} axb5 {[%emt 0:01:04]} 28. Qxb5 {[%emt 0:02:08]} Nc6 {[%emt 0:00:38][%cal Be7c6,Bc6d8,Bd8e6][%mdl 32]} 29. Bxf5 {[%emt 0:03:12]} exf5 {[%emt 0:00:06]} 30. Qd3 {[%emt 0:00:55]} Bc5 {[%emt 0:01:56]} 31. Bf4 {[%emt 0:01:29][%cal Oe5e6]} Qe6 {[%emt 0:00:45]} (31... Nxa5 $11 32. e6 fxe6) 32. Rb5 $14 {[%emt 0:00:11]} (32. Rxb7 Rxb7 33. Rxb7 Nxa5 $11) 32... Nd8 {[%emt 0:00:41][%cal Od5d4]} 33. h4 {[%emt 0:01:30]} Rd7 {[%emt 0:00:20]} (33... d4 $11 {remains equal.}) 34. c3 $16 {[%emt 0:01:47]} Qg6 {[%emt 0:00:44]} 35. Nd4 {[%emt 0:02:25]} (35. Qd2 $1 $14) 35... Bxd4 $11 {[%emt 0:00:24] The position is equal.} 36. cxd4 {[%emt 0:00:04]} (36. Qxd4 Ne6 37. Qd2 d4 $17) 36... Ne6 {[%emt 0:00:24]} 37. Be3 {[%emt 0:01:28]} Qg4 {[%emt 0:00:41]} 38. Qd1 {[%emt 0:00:07]} Qe4 {[%emt 0:00:30]} 39. Rxb7 {[%emt 0:01:44]} Rxb7 {[%emt 0:00:30]} 40. Rxb7 {[%emt 0:00:05] [#] And now a6 would win.} f4 {[%emt 0:00:31]} 41. gxf4 {[%emt 0:00:00]} Nxf4 {[%emt 0:00:00]} 42. Bxf4 {[%emt 0:00:00]} Qxf4 {[%emt 0:00:00][%mdl 4096] Endgame KQR-KQR} 43. Kg2 {[%emt 0:00:00] aiming for a6.} Rc1 {[%emt 0:00:00]} 44. Rb8+ {[%emt 0:07:29]} Kh7 {[%emt 0:00:00]} 45. Qd3+ {[%emt 0:00:08]} ({Not} 45. Qf3 $2 {[#]} Rg1+ $3 {[%mdl 512]} 46. Kxg1 Qxf3 $19) 45... g6 {[%emt 0:00:00]} 46. Rb3 {[%emt 0:00:49] Hoping for Qf3.} Qxh4 {[%emt 0:00:00] Threatens to win with ...Qh1+.} 47. Qh3 {[%emt 0:01:00] Prevents Qh1+.} Qxd4 {[%emt 0:05:44] ...Qd1 is the strong threat.} 48. Qf3 {[%emt 0:02:26]} Rc7 {[%emt 0:01:23]} 49. a6 {[%emt 0:02:45] Black must now prevent Rb7.} Qxe5 {[%emt 0:02:36]} 50. Rb7 {[%emt 0:00:02] Strongly threatening a7.} Qg5+ $1 {[%emt 0:15:57]} 51. Kh3 {[%emt 0:03:57]} ({Much worse is} 51. Qg3 Qxg3+ 52. fxg3 (52. Kxg3 Rc3+ 53. Kf4 Kg7 $17) 52... Rc2+ 53. Kf3 Kg7 $17) 51... Qd8 {[%emt 0:00:53]} 52. Rxc7 {[%emt 0:01:59] Active counter play!} Qxc7 {[%emt 0:00:07]} 53. Qxd5 {[%emt 0:00:03] KQ-KQ} Qc8+ {[%emt 0:00:17]} 54. Kh2 {[%emt 0:00:05]} Qxa6 {[%emt 0:00:13]} 55. Qxf7+ {[%emt 0:00:03]} Kh8 {[%emt 0:00:07]} 56. Qf8+ {[%emt 0:00:04]} Kh7 {[%emt 0:00:04]} 57. Qf7+ {[%emt 0:00:04]} Kh8 {[%emt 0:00:03] Weighted Error Value: White=0.07 (flawless) /Black=0.09 (flawless)} 1/2-1/2